01351nam a2200349Ia 4500001001200000003000800012006001900020007001500039008004100054010001700095020002200112020002500134040002100159035002100180050002500201082001800226245014100244260004900385300002300434504005100457533015200508650002600660650002900686650002900715655002900744700002200773700002300795700002300818710001700841856012600858999001700984ebr10232781CaPaEBRm u cr cn|||||||||070330s2007 maua sb 001 0 eng d z 2007013626 z1405152923 (hbk.) z9781405152921 (hbk.) aCaPaEBRcCaPaEBR a(OCoLC)50510171714aRJ420.D5bE95 2007eb04a618.3/64622200aEvidence-based paediatric and adolescent diabetesh[electronic resource] /cedited by Jeremy Allgrove, Peter G.F. Swift, Stephen Greene. aMalden, Mass. ;aOxford :bBlackwell,c2007. axi, 242 p. :bill. aIncludes bibliographical references and index. aElectronic reproduction.bPalo Alto, Calif. :cebrary,d2009.nAvailable via World Wide Web.nAccess may be limited to ebrary affiliated libraries. 0aDiabetes in children. 0aDiabetes in adolescence. 0aEvidence-based medicine. 7aElectronic books.2local1 aAllgrove, Jeremy.1 aSwift, Peter G. F.1 aGreene, Stephen A.2 aebrary, Inc.40uhttp://site.ebrary.com/lib/rucke/Doc?id=10232781zAn electronic book accessible through the World Wide Web; click to view c37542d37542